000 00549nam a2200169Ia 4500
008 090201s9999 xx 000 0 und d
010 _aKPL-73610
040 _bमराठी
041 _aमराठी
082 _a54093
_b73610
100 _a सुधांशु
245 _aतीर्थक्षेत्र औदुंबर
_c सुधांशु
260 _c2005
_bनवल प्रकाशन
300 _a52
_bमध्यम
600 _aतीर्थक्षेत्र औदुंबर
942 _cBOOK
999 _c250503
_d250503